Vuelta a España Winners - Statistics

General Stats
  • This quiz has been taken 15 times
  • The average score is 31 of 80
Answer Stats
Year Country Rider % Correct
2017 GBR Chris Froome
92%
2011 GBR Chris Froome
92%
2025 DEN Jonas Vingegaard
92%
2024 SLO Primož Roglič
92%
2021 SLO Primož Roglič
92%
2020 SLO Primož Roglič
92%
2019 SLO Primož Roglič
92%
1973 BEL Eddy Merckx
83%
2018 GBR Simon Yates
83%
2014 ESP Alberto Contador
75%
2012 ESP Alberto Contador
75%
2008 ESP Alberto Contador
75%
1983 FRA Bernard Hinault
75%
1978 FRA Bernard Hinault
75%
2016 COL Nairo Quintana
75%
2022 BEL Remco Evenepoel
75%
2010 ITA Vincenzo Nibali
75%
2009 ESP Alejandro Valverde
67%
1999 GER Jan Ullrich
67%
2023 USA Sepp Kuss
67%
2015 ITA Fabio Aru
58%
1963 FRA Jacques Anquetil
58%
1995 FRA Laurent Jalabert
58%
2006 KAZ Alexander Vinokourov
50%
2007 RUS Denis Menchov
50%
1964 FRA Raymond Poulidor
50%
1988 IRL Sean Kelly
50%
1998 ESP Abraham Olano
42%
1997 SUI Alex Zülle
42%
1996 SUI Alex Zülle
42%
2013 USA Chris Horner
42%
1968 ITA Felice Gimondi
42%
1979 NED Joop Zoetemelk
42%
1989 ESP Pedro Delgado
42%
1985 ESP Pedro Delgado
42%
1994 SUI Tony Rominger
42%
1993 SUI Tony Rominger
42%
1992 SUI Tony Rominger
42%
1945 ESP Delio Rodríguez
33%
1950 ESP Emilio Rodríguez
33%
1967 NED Jan Janssen
33%
1987 COL Luis Herrera
33%
1970 ESP Luis Ocaña
33%
2005 ESP Roberto Heras
33%
2004 ESP Roberto Heras
33%
2003 ESP Roberto Heras
33%
2000 ESP Roberto Heras
33%
2002 ESP Aitor González
25%
2001 ESP Ángel Casero
25%
1962 GER Rudi Altig
25%
1975 ESP Agustín Tamames
17%
1961 ESP Angelino Soler
17%
1948 ESP Bernardo Ruiz
17%
1984 FRA Éric Caritoux
17%
1977 BEL Freddy Maertens
17%
1981 ITA Giovanni Battaglin
17%
1955 FRA Jean Dotto
17%
1958 FRA Jean Stablinski
17%
1969 FRA Roger Pingeon
17%
1986 ESP Álvaro Pino
8%
1956 ITA Angelo Conterno
8%
1959 ESP Antonio Suárez
8%
1946 ESP Dalmacio Langarica
8%
1947 BEL Edward Van Dijck
8%
1980 ESP Faustino Rupérez
8%
1971 BEL Ferdinand Bracke
8%
1966 ESP Francisco Gabica
8%
1960 BEL Frans De Mulder
8%
1936 BEL Gustaaf Deloor
8%
1935 BEL Gustaaf Deloor
8%
1957 ESP Jesús Loroño
8%
1974 ESP José Manuel Fuente
8%
1972 ESP José Manuel Fuente
8%
1976 ESP José Pesarrodona
8%
1942 ESP Julián Berrendero
8%
1941 ESP Julián Berrendero
8%
1990 ITA Marco Giovannetti
8%
1982 ESP Marino Lejarreta
8%
1991 ESP Melcior Mauri
8%
1965 GER Rolf Wolfshohl
8%
No matching quizzes found
Score Distribution
Percent of People with Each Score
Percentile by Number Answered
Your Score History
You have not taken this quiz